000 00485ntaaa2200193 4500
003 01
005 20251027202048.0
008 0714s1973 ag 01
040 _aAR-BaBN
_bspa
_cAR-BaBN
_eaacr
_dRIC
082 _a252.0000 B78
100 _aBroadman Press
245 _aFaith of our fathers
250 _a1 ed.
260 _aNashville :
_bBroadman Press,
_c1942
300 _a121 p
500 _aRadio messages of the Baptist Hour for 1942
650 _asermones
_9362
942 _cBK
999 _c15456
_d15456